| 000 | 00671nam a2200217Ia 4500 | ||
|---|---|---|---|
| 001 | 9320 | ||
| 003 | GE_BSU | ||
| 008 | 181216s||||||||xx |||||||||||||| ||und|| | ||
| 040 | _cGE_BSU | ||
| 080 | _a663.24 | ||
| 100 | _aМалтабар,В.М. Фертман,Г.И. | ||
| 245 | _aТехнология коньяка. | ||
| 250 | _aИзд. 2-е, переработанное и дополненное. | ||
| 260 | _aМ. | ||
| 260 | _bПищевая промышленность. | ||
| 260 | _c1971. | ||
| 300 | _a343 стр. с илл. 22см. Библиогр.: стр.337. | ||
| 300 | _eтабл. | ||
| 653 | _aТехнология коньяка. | ||
| 942 | _cBK | ||
| 999 |
_c42616 _d42616 |
||